Maminka, tatínek a já : o rodičích a dětství s Adolfem Bornem, Květou Fialovou, Arnoštem Goldflamem ... /

Hlavní autor: Dočekal, Boris, 1950-
Jazyk: Čeština
Vydáno: Jihlava : Listen, 2000
Vydání: 1. vyd.
Témata:
Externí odkaz: Digitalizovaný dokument
Fyzický popis: 132 s. : portréty ; 22 cm
Knihy
Uloženo v:
LEADER 01367nam a2200361 a 4500
001 000539286
003 CZ BrMZK
005 20121005074451.0
007 ta
008 000115s2000 xr e acze d
015 |a cnb000980115 
020 |a 80-902360-4-9 
035 |a (OCoLC)48003682 
040 |a BOA001  |b cze 
043 |a e-xr--- 
072 7 |a 929  |x Biografie  |2 Konspekt  |9 8 
080 |a 929  |2 MRF 
080 |a (437.3)  |2 MRF 
080 |a (0:82-94)  |2 MRF 
100 1 |a Dočekal, Boris,  |d 1950-  |7 jn19990218017 
245 1 0 |a Maminka, tatínek a já :  |b o rodičích a dětství s Adolfem Bornem, Květou Fialovou, Arnoštem Goldflamem ... /  |c Boris Dočekal 
250 |a 1. vyd. 
260 |a Jihlava :  |b Listen,  |c 2000 
300 |a 132 s. :  |b portréty ;  |c 22 cm 
500 |a Dostupné též v digitální podobě v aplikaci Kramerius 
650 0 7 |a osobnosti  |7 ph115615  |z Česko  |2 czenas 
650 0 7 |a osobnosti  |7 ph115615  |x partnerské a rodinné vztahy  |2 czenas 
650 0 7 |a osobnosti  |7 ph115615  |x dětství  |2 czenas 
655 7 |a autobiografické vzpomínky  |7 fd131854  |2 czenas 
856 4 1 |u http://www.digitalniknihovna.cz/mzk/uuid/uuid:aacac680-5872-11e5-bc53-005056827e52  |y Digitalizovaný dokument  |x NDK 
910 |a BOA001  |b 2-1078.886 
990 |a BK 
996 6 |b 2610125810  |c 2-1078.886  |l MZK  |r Sklad / do 1 hodiny  |n 3  |p p.v.  |w 000539286  |u 000010  |a 1  |e BOA001  |j MZK50  |s P